<?xml version="1.0" encoding="UTF-8"?>
<record
    xmlns:xsi="http://www.w3.org/2001/XMLSchema-instance"
    xsi:schemaLocation="http://www.loc.gov/MARC21/slim http://www.loc.gov/standards/marcxml/schema/MARC21slim.xsd"
    xmlns="http://www.loc.gov/MARC21/slim">

  <leader>03559nam a2200349 a 4500</leader>
  <controlfield tag="003">OSt</controlfield>
  <controlfield tag="005">20250813125539.0</controlfield>
  <controlfield tag="007">cr ||||||a|a|a</controlfield>
  <controlfield tag="008">250624s2025    mx a|||fom||| 001 0 spa d</controlfield>
  <datafield tag="040" ind1=" " ind2=" ">
    <subfield code="e">rda</subfield>
  </datafield>
  <datafield tag="100" ind1="1" ind2=" ">
    <subfield code="a">Res&#xE9;ndiz Cabello, Juan Jes&#xFA;s</subfield>
    <subfield code="9">190510</subfield>
  </datafield>
  <datafield tag="245" ind1="1" ind2="0">
    <subfield code="a">Evaluaci&#xF3;n de insecticidas selectivos para el control de Diaphorina citri Kuwayama, (HEMIPTERA: LIVIIDAE)/</subfield>
    <subfield code="c">por Juan Jes&#xFA;s Res&#xE9;ndiz Cabello; director de tesis Candelario Santill&#xE1;n Ortega; secretario Guillermo Mondrag&#xF3;n Pedrero; vocal Luis Oth&#xF3;n Espinosa Carrillo; suplente Isabel L&#xF3;pez Arroyo; suplente Roberto Abraham Ocampo Ru&#xED;z.</subfield>
  </datafield>
  <datafield tag="264" ind1=" " ind2="1">
    <subfield code="a">Chapingo, M&#xE9;xico :</subfield>
    <subfield code="b">El autor,</subfield>
    <subfield code="c">2024.</subfield>
  </datafield>
  <datafield tag="300" ind1=" " ind2=" ">
    <subfield code="a">1 recurso en l&#xED;nea (57 p&#xE1;ginas):</subfield>
    <subfield code="b">cuadros, figuras.</subfield>
  </datafield>
  <datafield tag="336" ind1=" " ind2=" ">
    <subfield code="2">rdacontent</subfield>
    <subfield code="a">texto</subfield>
    <subfield code="b">txt</subfield>
  </datafield>
  <datafield tag="337" ind1=" " ind2=" ">
    <subfield code="2">rdamedia</subfield>
    <subfield code="a">computadora</subfield>
    <subfield code="b">c</subfield>
  </datafield>
  <datafield tag="338" ind1=" " ind2=" ">
    <subfield code="2">rdacarrier</subfield>
    <subfield code="a">recurso en l&#xED;nea</subfield>
    <subfield code="b">cr</subfield>
  </datafield>
  <datafield tag="502" ind1=" " ind2=" ">
    <subfield code="b">IAEPA</subfield>
    <subfield code="c">Parasitolog&#xED;a</subfield>
    <subfield code="d">2024.</subfield>
    <subfield code="g">LIC</subfield>
  </datafield>
  <datafield tag="504" ind1=" " ind2=" ">
    <subfield code="a">Incluye referencias bibliogr&#xE1;ficas: p&#xE1;ginas 31-40.</subfield>
  </datafield>
  <datafield tag="520" ind1=" " ind2=" ">
    <subfield code="a">Los c&#xED;tricos son un importante cultivo a nivel mundial, sin embargo, su producci&#xF3;n se ve limitada por factores bi&#xF3;ticos y abi&#xF3;ticos. El ps&#xED;lido asi&#xE1;tico de los c&#xED;tricos, Diaphorina citri Kuwayama, es una plaga clave en la citricultura, es el insecto vector asociado al huanglongbing, la peor enfermedad de los c&#xED;tricos en el mundo. Una de las principales estrategias para su manejo es la aplicaci&#xF3;n de insecticidas, no obstante, hoy la agricultura demanda productos eficaces, de bajo costo e inocuos para la salud humana y el medio ambiente. Debido a la escasa disponibilidad de este tipo de compuestos, el objetivo del presente estudio fue generar alternativas mediante la evaluaci&#xF3;n de insecticidas selectivos que cubran con los est&#xE1;ndares requeridos. Se evalu&#xF3; la efectividad biol&#xF3;gica de dos insecticidas convencionales selectivos a diferentes dosis sobre Diaphorina citri en &#xE1;rboles de naranjo tard&#xED;o (Citrus sinensis (L.) Osbeck), establecidas en condiciones de invernadero. En dos experimentos independientes se evaluaron los insecticidas: ciantraniliprol en la dosis 400 mL ha-1, 75, 66 y 50 % de esta cantidad; flupyradifurone en la dosis 750 mL ha-1 y en porcentajes similares al anterior; por cada experimento se incluy&#xF3; un testigo con aspersi&#xF3;n de agua. El flupyradifurone destac&#xF3; al causar el 100 % de mortalidad de ninfas en un periodo menor que el ciantraniliprol. Ambos insecticidas mantuvieron bajos los porcentajes de infestaci&#xF3;n de ninfas y adultos por cada unidad experimental, si bien el flupyradifurone present&#xF3; mejor comportamiento, los dos compuestos mostraron actividad hasta por un mes despu&#xE9;s de la aplicaci&#xF3;n. Los resultados obtenidos indican que las diferentes dosis evaluadas de los insecticidas ciantraniliprol y flupyradifurone son eficaces y econ&#xF3;micamente viables para ser utilizados en el control de Diaphorina citri.</subfield>
  </datafield>
  <datafield tag="650" ind1=" " ind2="7">
    <subfield code="a">Diaphorina citri</subfield>
    <subfield code="x">Control</subfield>
    <subfield code="2"></subfield>
    <subfield code="9">190778</subfield>
  </datafield>
  <datafield tag="650" ind1=" " ind2="7">
    <subfield code="a">Diaphorina citri</subfield>
    <subfield code="x">Control</subfield>
    <subfield code="2"></subfield>
    <subfield code="9">190778</subfield>
  </datafield>
  <datafield tag="650" ind1=" " ind2="4">
    <subfield code="a">Insecticidas</subfield>
    <subfield code="x">An&#xE1;lisis</subfield>
    <subfield code="9">58856</subfield>
  </datafield>
  <datafield tag="650" ind1=" " ind2="4">
    <subfield code="a">C&#xED;tricos</subfield>
    <subfield code="x">Plagas</subfield>
    <subfield code="9">24458</subfield>
  </datafield>
  <datafield tag="700" ind1="1" ind2=" ">
    <subfield code="a">Santill&#xE1;n Ortega, Candelario</subfield>
    <subfield code="e">director de tesis.</subfield>
    <subfield code="9">102429</subfield>
  </datafield>
  <datafield tag="700" ind1="1" ind2=" ">
    <subfield code="a">Mondrag&#xF3;n Pedrero, Guillermo</subfield>
    <subfield code="9">77486</subfield>
    <subfield code="e">secretario.</subfield>
  </datafield>
  <datafield tag="700" ind1="1" ind2=" ">
    <subfield code="a">Espinosa Carrillo, Luis Oth&#xF3;n</subfield>
    <subfield code="9">37903</subfield>
    <subfield code="e">vocal.</subfield>
  </datafield>
  <datafield tag="700" ind1="1" ind2=" ">
    <subfield code="a">Lop&#xE9;z Arroyo, J. Isabel</subfield>
    <subfield code="9">164742</subfield>
    <subfield code="e">suplente.</subfield>
  </datafield>
  <datafield tag="700" ind1="1" ind2=" ">
    <subfield code="a">Ocampo Ruiz, Roberto Abraham</subfield>
    <subfield code="e">suplente.</subfield>
    <subfield code="9">82612</subfield>
  </datafield>
  <datafield tag="856" ind1=" " ind2=" ">
    <subfield code="u">http://10.13.5.2/tesis/tl/1712204-1_RESENDIZ_CABELLO_JUANJESUS.pdf</subfield>
    <subfield code="z">DESCARGAR PDF</subfield>
  </datafield>
  <datafield tag="942" ind1=" " ind2=" ">
    <subfield code="2">Clasificaci&#xF3;n Universidad Aut&#xF3;noma Chapingo</subfield>
    <subfield code="c">TD</subfield>
  </datafield>
  <datafield tag="999" ind1=" " ind2=" ">
    <subfield code="c">220681</subfield>
    <subfield code="d">220681</subfield>
  </datafield>
  <datafield tag="952" ind1=" " ind2=" ">
    <subfield code="0">0</subfield>
    <subfield code="1">0</subfield>
    <subfield code="2">local</subfield>
    <subfield code="4">0</subfield>
    <subfield code="5">1</subfield>
    <subfield code="7">0</subfield>
    <subfield code="8">TesDigL</subfield>
    <subfield code="a">BD</subfield>
    <subfield code="b">BD</subfield>
    <subfield code="c">E_L</subfield>
    <subfield code="d">2025-06-24</subfield>
    <subfield code="l">0</subfield>
    <subfield code="o">Tesis digital</subfield>
    <subfield code="r">2025-06-24 14:14:43</subfield>
    <subfield code="w">2025-06-24</subfield>
    <subfield code="y">TD</subfield>
  </datafield>
</record>
